60 minutes. A matter of principal [DC charter school] /

Segment focusing on the principal, Mary Anigbo, at Marcus Garvey Public Charter School in Washington DC and her dispute with a Washington Times newspaper reporter, Susan Ferrechio, and the lack of control the Washington D.C. School board has over charter schools. Morley Safer reports.

Bibliographic Details
Other Authors: Curran, Deirdre Naphin (Producer), Safer, Morley (Reporter)
Format: Video
Language:English
Language Notes:In English.
Published: New York, NY : Columbia Broadcasting System, 1997.
Subjects:
Online Access:Connect to this streaming video (Alexander Street Press)

MARC

Tag First Indicator Second Indicator Subfields
LEADER 00000cgm a22000003a 4500
001 in00003749821
006 m|||||o||c||||||||
007 cr |n||||||||a
007 vz |za|z|
008 150331s1997 nyu013 e |o vleng d
005 20260324202138.7
035 |a (OCoLC)908562743 
035 |a (VaAlASP)ASP2783085/cbsv 
040 |a VaAlASP  |c VaAlASP  |d UtOrBLW 
050 4 |a DS491.7  |b M568 1997 
245 0 0 |a 60 minutes.  |p A matter of principal [DC charter school] /  |c produced by Deirdre Naphin. 
246 1 0 |a Matter of principal 
246 1 3 |a Sixty minutes.  |p A matter of principal 
264 1 |a New York, NY :  |b Columbia Broadcasting System,  |c 1997. 
300 |a 1 online resource (13 min.) 
306 |a 001325 
336 |a two-dimensional moving image  |b tdi  |2 rdacontent 
337 |a computer  |b c  |2 rdamedia 
337 |a video  |b v  |2 rdamedia 
338 |a online resource  |b cr  |2 rdacarrier 
338 |a other  |b vz  |2 rdacarrier 
520 |a Segment focusing on the principal, Mary Anigbo, at Marcus Garvey Public Charter School in Washington DC and her dispute with a Washington Times newspaper reporter, Susan Ferrechio, and the lack of control the Washington D.C. School board has over charter schools. Morley Safer reports. 
546 |a In English. 
500 |a Electronic resource. 
650 0 |a Charter schools  |z Washington (D.C.) 
651 0 |a United States  |x Race relations.  |0 http://id.loc.gov/authorities/subjects/sh85140494 
655 7 |a Internet videos.  |2 lcgft  |0 http://id.loc.gov/authorities/genreForms/gf2011026337 
655 7 |a Television news programs.  |2 lcgft  |0 http://id.loc.gov/authorities/genreForms/gf2011026667 
700 1 |a Curran, Deirdre Naphin,  |e producer. 
700 1 |a Safer, Morley,  |e reporter.  |0 http://id.loc.gov/authorities/names/n81036623 
710 2 |a CBS News,  |e production company.  |0 http://id.loc.gov/authorities/names/n82221065 
856 4 0 |u http://proxy.library.tamu.edu/login?url=https://www.aspresolver.com/aspresolver.asp?CBSV;2783085  |z Connect to this streaming video (Alexander Street Press)  |t 0 
999 f f |s fb6ffc91-6772-3380-9aea-f3ac7009e464  |i 12b04985-9815-332b-8449-7edb05591471  |t 0 
952 f f |a Texas A&M University  |b College Station  |c Electronic Resources  |s www_evans  |d Available Online  |t 0  |e DS491.7 M568 1997  |h Library of Congress classification 
998 f f |a DS491.7 M568 1997  |t 0  |l Available Online